Sport and globalization

Saved in:
Bibliographic Details
Corporate Author: Sport and globalization. International conference
Other Authors: Šimonek, Jaromír
Format: Book
Language:Slovak
Czech
English
Published: Nitra University of Constantine the Philosopher in Nitra 2006
Subjects:
Tags: Add Tag
No Tags, Be the first to tag this record!

MARC

LEADER 00000nlm$a2200000$$$4500
001 0050476
005 20240104134930.0
020 |a 80-8094-031-2 
041 0 |a slo 
041 0 |a cze 
041 0 |a eng 
044 |a SK 
245 1 0 |a Sport and globalization  |c editor: Jaromír Šimonek 
264 1 |a Nitra  |b University of Constantine the Philosopher in Nitra  |c 2006 
300 |a CD-ROM 
610 2 0 |a šport 
610 2 0 |a globalizácia 
610 2 0 |a výchova 
610 2 0 |a telovýchova 
700 1 |a Šimonek, Jaromír 
110 2 |a Sport and globalization. International conference